000 00755nam a2200229Ii 4500
003 JO-AjNU
008 230605s9999||||xx |||||||||||||| ||und||
017 _a2002/3/740
020 _a9957-09-096-8
040 _aJO-AjNU
_bara
_erda
_cJO-AjNU
041 _aara
050 1 4 _aPJ7864.A42.Z86 2002
100 3 _aالرباعي،عبد القادر,
_eauthor
_923528
245 0 0 _aعرار: الرؤيا والفن (قراءة من الداخل)
250 _aط1
264 3 1 _aعمان: أزمنة للنشر والتوزيع، 2002
300 _a322ص
336 _atext
_btxt
_2rdacontent
337 _aunmediated
_bn
_2rdamedia
338 _avolume
_bnc
_2rdacarrier
650 4 _aالشعر العربي - الأردن - تاريخ ونقد
_923529
999 _aA8525
_c12093
_d12093